000 00198 a2200097 4500
001 2612
100 _aHele - D.K.
245 _aErasmus darwin
260 _a
_bMacmillan co.
_c
090 _c1909
_d1909
942 _aNUST-CAE
_cM
_c10102
999 _c237685
_d237685